00852cam a2200229 i 4500001000500000005001700005020001700022040002300039050002400062082001200086100002300098245008700121260003700208300004100245490004000286505000800326520019000334521002000524521002000544650003500564700002300599156820230907095044.0 a076714002951 aDLCcDLCdDLCbeng00aPZ7.D644bMyk 1979b00aFic2191 aDixon, Franklin W.10aMystery of the samurai sword /cFranklin W. Dixon ; illustrated by Leslie Morrill. aNew York :bWanderer Booksc1979 a179 pages :billustrations ;c20 cm 0 aHardy boys mystery stories3Book 60 aS  aA Japanese business tycoon mysteriously disappears and, soon after, a rare samurai sword is stolen from an art gallery. Suspecting a connection, the Hardy boys try to solve the mystery. a790 bLexile  aS bRaz-Plus  1aMystery and detective stories.1 aMorrill, Leslie H.